LEADER 01040nam0-2200373---450- 001 990000386860203316 005 1994070413333530 010 $a88-430-0132-9 035 $a0038686 035 $aUSA010038686 035 $a(ALEPH)000038686USA01 035 $a0038686 100 $a19950404d1994----km-y1itay0103----ba 101 $aita 102 $aIT 105 $aa|||||||001yy 200 1 $a<> vaccini$fGiorgio Bartolozzi 210 $aRoma$cNIS$d1994 215 $a436 p.$d24 cm 225 2 $aPediatria e specialità pediatriche$v11 410 0$12001$aPediatria e specialità pediatriche$v11 606 $aVaccinazione 676 $a614.47 700 1$aBARTOLOZZI,$bGiorgio$0296079 801 0$aIT$bBNI$c19950404$gRICA 912 $a990000386860203316 951 $a614.47 BAR$b2628 Farm.$c614$d00072442 959 $aBK 969 $aFAR 979 $aJOHNNY$b40$c20010403$lUSA01$h1053 979 $c20020403$lUSA01$h1646 979 $aPATRY$b90$c20040406$lUSA01$h1627 996 $aVaccini$9875777 997 $aUNISA LEADER 02542nam 2200541z- 450 001 9910580216803321 005 20220706 035 $a(CKB)5690000000011919 035 $a(oapen)https://directory.doabooks.org/handle/20.500.12854/87535 035 $a(NjHacI)995690000000011919 035 $a(oapen)doab87535 035 $a(EXLCZ)995690000000011919 100 $a20202207d2022 |y 0 101 0 $aeng 135 $aurmn|---annan 181 $ctxt$2rdacontent 182 $cc$2rdamedia 183 $acr$2rdacarrier 200 00$aThe 1st International Electronic Conference on Chemical Sensors and Analytical Chemistry 210 $aBasel$cMDPI - Multidisciplinary Digital Publishing Institute$d2022 215 $a1 online resource (580 p.) 311 08$a3-0365-4115-2 311 08$a3-0365-4116-0 330 $aThe 1st International Electronic Conference on Chemical Sensors and Analytical Chemistry was held on 1-15 July 2021. The scope of this online conference was to gather experts that are well-known worldwide who are currently working in chemical sensor technologies and to provide an online forum for the presention and discussion of new results. Throughout this event, topics of interest included, but were not limited to, the following: electrochemical devices and sensors; optical chemical sensors; mass-sensitive sensors; materials for chemical sensing; nano- and micro-technologies for sensing; chemical assays and validation; chemical sensor applications; analytical methods; gas sensors and apparatuses; electronic noses; electronic tongues; microfluidic devices; lab-on-a-chip; single-molecule sensing; nanosensors; and medico-diagnostic testing. 606 $aPhysics$2bicssc 606 $aResearch & information: general$2bicssc 610 $aactive surface preservation 610 $acarbon nanotubes 610 $acognac and brandy carbon dots 610 $aelectrochemical sensors 610 $aelectropolymerization 610 $aellagic acid 610 $afluorescence 610 $agallic acid 610 $ananosensor 610 $apH sensing 610 $asyringaldehyde 610 $avanillin 615 7$aPhysics 615 7$aResearch & information: general 676 $a660.2/8/0287 700 $aJaffrezic-Renault$b N$g(Nicole),$01882554 801 0$bNjHacI 801 1$bNjHacl 906 $aBOOK 912 $a9910580216803321 996 $aThe 1st International Electronic Conference on Chemical Sensors and Analytical Chemistry$94497837 997 $aUNINA